000 00592nam a2200217Ia 4500
003 LK-CoDNM
005 20241210094711.0
008 010623t1985 xxu||||| |||| 00| 1 sin d
040 _aLK-CoDNM
_dLK-CoDNM
_eLK-CoDNM
041 _asin
080 _a8 C-3 13/15 [1]
100 _aRev.Dharmasena
245 _aසද්ධර්මරත්නාවලිය
246 _aSaddarmarathnawaliya
260 _bSri Lanka Pracheena Bhashopakara samagama
_c1985
300 _b(xvi), 437p. : 25 cm
500 _aNo.1
650 _aBuddhist culture
650 _aLiterature
942 _cBK
999 _c113063
_d113063